000 01658nam a22002057a 4500
003 0
005 20240918103336.0
008 240918b xxu||||| |||| 00| 0 eng d
020 _a9781032382043
050 _aPN 1707
_b.T56 2024
100 _aThomas, James
_eauthor.
245 _aScript analysis for actors, directors, and designers /
_cJames Thomas.
250 _a7th ed.
260 _aNew York, NY :
_bRoutledge,
_c2024.
300 _axx, 226 p. ;
_c23 cm.
504 _aIncludes bibliographical references (pages 210-215) and index.
520 _a"Script Analysis for Actors, Directors, and Designers, Seventh Edition, teaches the skills of script analysis using a formalist approach that examines the written part of a play to evaluate its potentials for performance and production. This new edition features new and revised content, including an analysis of two new plays, Kalidasa's Shakuntala and Federico Garcia Lorca's The House of Bernarda Alba, information for the theatre designer integrated in chapters throughout the book, and an expanded appendix on critical approaches to Script Analysis. Explorations of both classic and unconventional plays are combined with clear examples, end-of-chapter summaries, and stimulating questions that will allow actors, directors, and designers to immediately incorporate the concepts and processes into their theatre production work. An excellent resource for students of Acting, Script Analysis, Directing, Playwriting, and Stage Design courses, this book provides the tools to effectively bring a script to life on stage"-- Provided by publisher.
650 _aDrama
_xExplication.
942 _2lcc
_cBK
999 _c366237
_d366237